000 00431 a2200157 4500
020 _a9788179650691
082 _aH3
_bMOH/F
100 _aMohan Singh Kandari
_9110136
245 _aFatehsingh aur vah zamana/
_cby Mohan Singh Kandari
260 _bTakshila prakashan,
_aNewdelhi:
_c2004.
300 _a336p.
650 _aNovel Hindi
_9110137
650 _aLiterature Hindi
_9110138
650 _aLiterature
_9110139
942 _cBK
999 _c140176
_d140176